MLB Guess The Player By Image #3 - Statistics

General Stats
  • This quiz has been taken 78 times
  • The average score is 23 of 30
Answer Stats
Picture Answer % Correct
Randy Johnson
100%
Henry Aaron
96%
Joey Votto
96%
Mike Trout
96%
Ted Williams
96%
Giancarlo Stanton
94%
Frank Thomas
93%
Nolan Ryan
93%
Roberto Clemente
90%
Willie Mays
88%
Ichiro Suzuki
87%
Mike Schmidt
87%
Evan Longoria
84%
George Brett
84%
Robin Yount
83%
Sandy Koufax
83%
Tony Gwynn
83%
Ernie Banks
80%
Lou Gehrig
80%
Tom Seaver
75%
Stan Musial
74%
Craig Biggio
67%
Brooks Robinson
64%
Larry Walker
64%
Roy Halladay
62%
Jose Canseco
54%
Al Kaline
52%
Harmon Killebrew
51%
Gary Carter
42%
Bob Feller
25%
No matching quizzes found
Score Distribution
Percent of People with Each Score
Percentile by Number Answered
Your Score History
You have not taken this quiz